000 00803cac a22002291u 4500
008 081103s1974 mauill |r|||| 001 0 eng d
010 _a74003995
020 _a0201000296
020 _a9788178087038
082 0 0 _a001.642
_bAHO
_222
100 _aAho, Alfred V.
_917981
245 1 4 _aThe design and analysis of computer algorithms /
_cAlfred V. Aho, John E. Hopcroft, Jeffrey D. Ullman.
260 _aReading, Mass. :
_bAddison-Wesley Pub. Co.,
_c[1974]
300 _ax, 470 p. :
_bill. ;
_c24 cm.
500 _aIncludes index.
504 _aBibliography: p. [451]-462.
650 0 _aComputer programming.
_917982
650 0 _aComputer algorithms.
_917983
700 1 _aHopcroft, John E.,
_d1939-
_917984
700 1 _aUllman, Jeffrey D.,
_d1942-
_917985
942 _cBB
_k001.642 AHO
_2ddc
999 _c724
_d724